Cuestionario de sobreingesta alimentaria (OQ) / (Record no. 184529)

MARC details
000 -CABECERA
campo de control de longitud fija 00812nam a2200241 u 4500
005 - FECHA Y HORA DE LA ÚLTIMA TRANSACCIÓN
campo de control 20230511063628.0
008 - ELEMENTOS DE LONGITUD FIJA--INFORMACIÓN GENERAL
campo de control de longitud fija 160817s2007 mx r 000 0 spa d
020 ## - NÚMERO INTERNACIONAL NORMALIZADO PARA LIBROS
Número Internacional Estándar del Libro 970729311X (10 dígitos)
020 ## - NÚMERO INTERNACIONAL NORMALIZADO PARA LIBROS
Número Internacional Estándar del Libro 9789707293113 (13 dígitos)
035 ## - NÚMERO DE CONTROL DEL SISTEMA
Número de control de sistema UPN01000212429
049 ## - COLECCIÓN
Colección CE
050 #4 - SIGNATURA TOPOGRÁFICA DE LA BIBLIOTECA DEL CONGRESO
Número de clasificación RC552 E1.8
Número de documento/Ítem O4.3
100 1# - ASIENTO PRINCIPAL--NOMBRE PERSONAL
Nombre de persona O'Donnell, William E.
9 (RLIN) 39157
245 10 - MENCIÓN DE TÍTULO
Título Cuestionario de sobreingesta alimentaria (OQ) /
Mención de responsabilidad, etc. William E. O'Donell, W. L. Warren ; tr. Susana Olivares Bari.
260 ## - PUBLICACIÓN, DISTRIBUCIÓN, ETC.
Lugar de publicación, distribución, etc. México :
Nombre del editor, distribuidor, etc. El Manual Moderno,
Fecha de publicación, distribución, etc. 2007.
300 ## - DESCRIPCIÓN FÍSICA
Extensión 1 paquete (2 partes)
505 8# - NOTA DE CONTENIDO CON FORMATO PREESTABLECIDO
Nota de contenido con formato Contenido:
Título 1 Manual --
-- 10 Cuadernillos hojas de perfil
650 #4 - ASIENTO SECUNDARIO DE MATERIA - TERMINO TEMATICO
Término de materia o nombre geográfico como elemento de entrada Trastornos alimenticios
9 (RLIN) 13566
650 #4 - ASIENTO SECUNDARIO DE MATERIA - TERMINO TEMATICO
Término de materia o nombre geográfico como elemento de entrada Pruebas mentales
9 (RLIN) 15534
700 1# - ASIENTO SECUNDARIO--NOMBRE DE PERSONAL
Nombre de persona Warren, W. L.
Término indicativo de función/relación coaut.
905 ## - TIPO DE MATERIAL
Tipo de material Libro
Holdings
Estado de retiro Estado de pérdida Fuente del sistema de clasificación o colocación Estado dañado Restricciones de uso No para préstamo Código de colección Localización permanente Ubicación/localización actual Ubicación en estantería Fecha de adquisición Clasificación Código de barras Fecha visto por última vez Número de copia Tipo de ítem Koha
    Library of Congress Classification   Préstamo por horas   Test y pruebas Bib. Gregorio Torres Quintero Bib. Gregorio Torres Quintero Colecciones especiales Planta alta 13/09/2022 RC552 E1.8 O4.3 313404 31/12/2020 1 Conjunto (Kit)